[Event "It (open)"]
[Site "masterchessopen.com Sautron (France)"]
[Round "4"]
[White "Ionescu Cristian-Dan (ROM)"]
[Black "Thibaud Corentin (FRA)"]
[Result "1-0"]
[WhiteElo "2269"]
[BlackElo "2005"]

1.Nf3 d5 2.c4 e6 3.d4 Be7 4.g3 Nf6 5.Bg2 dxc4 6.O-O O-O 7.Qc2 a6 8.a4 a5
9.Qxc4 Na6 10.Nc3 c6 11.Bg5 Qb6 12.e4 h6 13.Be3 Qb4 14.Qe2 Rd8 15.Rfd1 Bd7
16.Ne5 Be8 17.h4 Rac8 18.Rd2 Qb3 19.Nc4 Bb4 20.Rc2 Bf8 21.Nxa5 Qb4 22.Nc4 b5
23.axb5 cxb5 24.Nb6 Rb8 25.Rxa6 Rd6 26.e5 {#r} 1-0

[Event "It (open) \"]
[Site "masterchessopen.com St. Petersburg (Russia)"]
[Round "8"]
[White "Nechepurenko Roman V (RUS)"]
[Black "Bedny Yuri (RUS)"]
[Result "1-0"]
[WhiteElo "2353"]
[BlackElo "2279"]

1.d4 d5 2.Nf3 Nf6 3.c4 e6 4.g3 dxc4 5.Bg2 Be7 6.O-O O-O 7.Nbd2 Nc6 8.Nxc4 Rb8
9.a3 b5 10.Nfe5 Nxe5 11.Nxe5 Bb7 12.Nc6 Bxc6 13.Bxc6 Rb6 14.Qc2 Qd6 15.Bf3 c5
16.Bf4 Qxd4 17.Bc7 c4 18.Rfd1 Qc5 19.Bxb6 Qxb6 20.b3 Rc8 21.bxc4 Rxc4 22.Qb3
Qc5 23.e3 a6 24.a4 b4 25.a5 h5 26.Qb2 Rc2 27.Qd4 Qxd4 28.exd4 b3 29.Rab1 b2
30.Bb7 Ba3 31.Bxa6 Nd5 32.Bb7 Rc4 33.a6 Ra4 34.Rd3 Nb4 35.Rc3 Nxa6 36.Rc8+ Kh7
37.Ra8 Rc4 38.Bxa6 {#r} 1-0

[Event "It (open) \"]
[Site "masterchessopen.com Thessaloniki (Greece)"]
[Round "3"]
[White "Argiroudis Stamatis (GRE)"]
[Black "Pambalou Fotini (GRE)"]
[Result "1-0"]
[WhiteElo "2221"]
[BlackElo "2092"]

1.Nf3 d5 2.d4 Nf6 3.c4 e6 4.g3 dxc4 5.Bg2 Be7 6.O-O O-O 7.Qc2 a6 8.a4 a5
9.Qxc4 Na6 10.Nc3 Nb4 11.Bf4 c6 12.Ne5 Nfd5 13.Rfd1 Qb6 14.Qb3 Nxf4 15.gxf4
Rd8 16.e3 Rb8 17.Ne4 Nd5 18.Qc2 f6 19.Nc4 Qc7 20.Nc3 Bb4 21.Be4 h6 22.Nd2 Bd6
23.Nf3 Bd7 24.Qb3 Be8 25.Rac1 Qe7 26.Nxd5 cxd5 27.Bd3 Bh5 28.Kg2 Bb4 29.Be2
Rbc8 30.Rxc8 Rxc8 31.f5 Bg4 32.fxe6 Qxe6 33.Ng1 Bxe2 34.Nxe2 g5 35.Qd3 Kg7
36.Ng3 Bf8 37.Qb5 b6 38.e4 Rd8 39.Re1 dxe4 40.Rxe4 Qd5 41.Qxb6 f5 42.Nh5+ Kh8
43.Nf6 Qa8 44.Qe6 Bg7 45.Qxf5 Bxf6 46.Qxf6+ Kh7 47.f3 Kg8 48.Re7 {#r} 1-0

[Event "Ch Argentina"]
[Site "masterchessopen.com Tres de Febrero (Argentina)"]
[Round "6"]
[White "Romano Julieta (ARG)"]
[Black "Menon Daniel (ARG)"]
[Result "1-0"]
[WhiteElo "1916"]
[BlackElo "2106"]

1.d4 d5 2.c4 e6 3.g3 Nf6 4.Bg2 Be7 5.Nf3 dxc4 6.O-O a6 7.Ne5 O-O 8.Nc3 c5
9.dxc5 Qc7 10.Bf4 Qxc5 11.Na4 Qb5 12.Nxc4 Nfd7 13.Nd6 Bxd6 14.Bxd6 Re8 15.Qc2
Nc6 16.Bxc6 bxc6 17.Rac1 Bb7 18.Rfd1 Rac8 19.Rd3 c5 20.Rb3 Qc6 21.f3 c4 22.Qd1
Qxa4 23.Rxb7 Qc6 24.Rb4 Nb6 25.Qd4 Nd5 26.Rbxc4 Qd7 27.Rxc8 Rxc8 28.Rxc8+ Qxc8
29.Qc5 Qb7 30.b4 h6 31.Be5 Qxb4 32.Qxb4 Nxb4 33.a3 Nd5 34.Kf2 Nb6 35.Bd6 f5
36.e4 Kf7 37.Ke2 g6 38.Kd3 Ke8 39.e5 Kd7 40.Bf8 h5 41.h4 Kc6 42.Kc3 Kb5 43.Kd4
Nd7 44.Bd6 Kc6 45.Ke3 Kd5 46.Kf4 a5 47.Bc7 a4 48.Bd6 Kd4 49.Kg5 Nxe5 50.Bxe5+
Kxe5 51.f4+ Kd4 52.Kxg6 Kc3 53.Kxh5 Kb3 54.Kg5 Kxa3 55.h5 e5 56.h6 Kb3 57.h7
{#r} 1-0

[Event "It (open) (c)"]
[Site "masterchessopen.com Aragon (Spain)"]
[Round "7"]
[White "Gella Lopez Angel (ESP)"]
[Black "Sanchez Moreno Jose Carlos (ESP)"]
[Result "1-0"]
[WhiteElo "2111"]
[BlackElo "2028"]

1.d4 Nf6 2.c4 e6 3.g3 d5 4.Bg2 dxc4 5.Nf3 Be7 6.O-O O-O 7.Qc2 Nbd7 8.Qxc4 a6
9.Qc2 c5 10.Rd1 Qb6 11.Nc3 cxd4 12.Na4 Qa7 13.Nxd4 Nc5 14.Be3 Ng4 15.Nc6 bxc6
16.Bxc5 Bxc5 17.Nxc5 Rb8 18.Bxc6 Rxb2 19.Qxb2 Qxc5 20.Qd4 Qxc6 21.Qxg4 Bb7
22.f3 Qc2 23.Kf2 e5 24.Qb4 Ba8 25.Rd2 Qf5 26.Rad1 Qf6 27.Qxf8+ {#r} 1-0

[Event "Bundesliga (2nd) 2003/04 (w)"]
[Site "masterchessopen.com Germany"]
[Date "2003.11.30"]
[Round "4"]
[White "Kiseleva Natalia (UKR)"]
[Black "Bader Katharina (GER)"]
[Result "1-0"]
[WhiteElo "2290"]
[BlackElo "2153"]

1.d4 d5 2.c4 e6 3.Nf3 Nf6 4.g3 Be7 5.Bg2 dxc4 6.O-O O-O 7.Qc2 c5 8.dxc5 Bxc5
9.Qxc4 Qe7 10.Nc3 a6 11.Ng5 b5 12.Qh4 Bb7 13.Nce4 Nbd7 14.Nxc5 Nxc5 15.Nxh7
Bxg2 16.Bg5 Nce4 17.Bxf6 Nxf6 18.Nxf6+ gxf6 19.Kxg2 Kg7 20.Rfd1 Rfd8 21.Qg4+
Kh7 22.Qh3+ Kg7 23.Rac1 Rxd1 24.Rxd1 Rd8 25.Rxd8 Qxd8 26.Qg4+ Kh7 27.Qe4+ Kg7
28.Qd3 Qa8+ 29.f3 Qc6 30.Qd2 Qc4 31.a3 a5 32.Qd3 Qc5 33.Qc3 Qb6 34.b4 axb4
35.axb4 Qd6 36.g4 e5 37.h4 Qd5 38.Qd3 Qc6 39.h5 Qb6 40.Qe4 Qd6 41.Kf2 Qd2
42.Qb1 Qf4 43.Kg2 Qe3 44.Qd3 Qb6 45.Qd5 Qa6 46.g5 Qc8 47.gxf6+ Kxf6 48.Qd6+
Kg5 49.Qxe5+ f5 50.e4 Qc2+ 51.Kg3 Kxh5 52.exf5 Qd1 53.Qe8+ {#r} 1-0

[Event "Cup Itau (open)"]
[Site "masterchessopen.com Sao Paulo (Brazil)"]
[Date "2004.01.19"]
[Round "4"]
[White "Ueti Silvio (BRA)"]
[Black "De Miranda Alexandre Pinto (BRA)"]
[Result "1-0"]
[WhiteElo "2234"]
[BlackElo "2048"]

1.d4 Nf6 2.c4 e6 3.g3 Be7 4.Bg2 d5 5.Nf3 dxc4 6.Qa4+ Bd7 7.Qxc4 Bc6 8.Nc3 O-O
9.O-O Nbd7 10.Rd1 Nb6 11.Qd3 Bb4 12.Bg5 h6 13.Bxf6 Qxf6 14.e4 Rfd8 15.Rac1
Rac8 16.a3 Bf8 17.b4 Na4 18.Qe2 a5 19.b5 Nxc3 20.Rxc3 Be8 21.Ne5 Rxd4 22.Rxd4
Qxe5 23.Qd1 Bc5 24.Rdc4 b6 25.a4 c6 26.bxc6 Bxc6 27.Kh1 Qg5 28.f4 Rd8 29.Rd3
Rxd3 30.Qxd3 Qe7 31.Qc2 Qd7 32.Bf3 Bb7 33.Qd1 Qc6 34.Kg2 b5 35.axb5 Qxb5
36.Qa4 Qxa4 37.Rxa4 Bb4 38.e5 Ba6 39.Bc6 Bc4 40.Ra1 Bb3 41.Ba4 Bd5+ 42.Kf2 f6
43.exf6 gxf6 44.Rc1 Bd6 45.Ke3 Kg7 46.Rc3 e5 47.f5 Bb8 48.Ke2 Bd6 49.Kd1 h5
50.Rd3 {#r} 1-0

[Event "It (open)"]
[Site "masterchessopen.com Nova Gorica (Slovenia)"]
[Date "2004.02.04"]
[Round "8"]
[White "Jaracz Pawel (POL)"]
[Black "Brkic Ante (CRO)"]
[Result "1-0"]
[WhiteElo "2531"]
[BlackElo "2454"]

{ Jaracz Pawel (POL) +0 =1 -0 } 1.Nf3 Nf6 2.c4 e6 3.g3 d5 4.d4 dxc4 5.Bg2 Be7
6.Qa4+ { ? } 6...c6 ( 6...Nbd7 7.Qxc4 a6 8.Qc2 c5 9.O-O O-O 10.Rd1 cxd4
11.Nxd4 g6 12.Na3 Re8 13.Nc4 Bf8 14.b3 Qc7 15.Bd2 e5 16.Ba5 Qb8 17.Nf3 b6
18.Bc3 e4 19.Ng5 b5 20.Na5 Qc7 21.Nxe4 b4 22.Nc4 bxc3 23.Nxf6+ Nxf6 24.Bxa8
Bf5 25.Qxc3 Bg7 26.Bf3 { ...1-0, Stohl Igor 2600 - Egeli Per Ove 2335 ,
Stavanger 1999 It } ) ( 6...Bd7 7.Qxc4 Bc6 8.O-O O-O 9.Nc3 a6 10.a3 b5 11.Qd3
Nbd7 12.Bg5 h6 13.Bxf6 Nxf6 14.Rac1 Bxf3 15.Bxf3 Rb8 16.Na2 Nd5 17.Rc6 Nb6
18.Nb4 Bxb4 19.axb4 Qe7 20.Qc3 Rfd8 21.b3 Qf6 22.Rd1 Nd5 23.Bxd5 Rxd5 24.e4
Rdd8 25.Rxc7 Qg6 26.f3 { ...1-0, Stefansson Hannes 2575 - Delgado Neuris 2487
, Habana 2001 Memorial J.Capablanca (cat.13) } ) 7.Qxc4 b5 ( 7...O-O 8.O-O b5
9.Qc2 Bb7 10.Rd1 Nbd7 11.Ne5 Rc8 12.Nc3 Qb6 13.Be3 c5 14.Nxd7 Nxd7 15.d5 exd5
16.Nxd5 Bxd5 17.Bxd5 Nf6 18.Bf3 Qe6 19.Qb3 a6 20.Qxe6 fxe6 21.a4 Rcd8 22.Rdc1
c4 23.axb5 axb5 24.Ra5 Nd5 25.Bd4 Bg5 26.Rca1 b4 27.Bc5 { ...1-0, Mamedyarov
Shakhriyaz 2596 - Poobesh Anand S 2343 , Heraklio 2002 Ch World (juniors)
(under 18) } ) 8.Qc2 ( 8.Qd3 Bb7 9.O-O O-O 10.Bg5 Nbd7 11.Nbd2 a6 12.a4 h6
13.Bxf6 Bxf6 14.Ne4 Be7 15.Rfc1 Qb6 16.Qe3 Rfd8 17.Rc2 Rac8 18.Nc5 Nxc5
19.dxc5 Qa5 20.Qa3 Qxa4 21.Qxa4 bxa4 22.Ne5 Rc7 23.Bf3 Rd4 24.e3 Rb4 25.Be2
Bf6 26.Nd3 Rb3 27.Rxa4 Rd7 { ...1/2-1/2, Landenbergue Claude 2420 - Apicella
Manuel 2555 , Belfort 1995 It } ) 8...Bb7 9.Bg5 { N } ( 9.O-O O-O 10.Nc3 Nbd7
( 10...Qb6 11.Bg5 Nbd7 12.e4 h6 13.Bxf6 Nxf6 14.Rfd1 Rfd8 15.e5 Nd7 16.a3 c5
17.d5 exd5 18.Nxd5 Bxd5 19.Rxd5 Nf8 20.Rad1 Rxd5 21.Rxd5 Rd8 22.Rxd8 Qxd8
23.a4 a6 24.axb5 axb5 25.b3 Ne6 26.Bf1 Qd5 27.Qd3 Qxd3 28.Bxd3 b4 { ...1-0,
Lukov Valentin 2478 - Rohde Ulrich 2269 , Hyeres 2001 It (open) } ) 11.Bg5 Rc8
12.Rfd1 h6 13.Bxf6 Nxf6 14.Ne5 Qb6 15.Ne4 Nxe4 16.Bxe4 Rc7 17.a4 a6 18.Qb3 Rd8
19.Rd3 Rxd4 20.Bg6 Bf6 21.a5 Qc5 22.Nxf7 Qd5 23.Qxd5 cxd5 24.Rxd4 Bxd4 25.Nd6
Ba8 26.Ne8 Rc6 27.Rd1 Bxb2 28.e4 Kf8 { ...1/2-1/2, Beliavsky Alexander G 2654
- Fercec Nenad 2458 , Nova Gorica 2000 It (open) } ) ( 9.Nbd2 Nbd7 10.Nb3 Qb6
11.O-O a5 12.a4 O-O 13.Bd2 Rfc8 14.Rfc1 b4 15.Nc5 Nxc5 16.dxc5 Qd8 17.Rd1 Qf8
18.Rac1 Rd8 19.Ne5 Nd5 20.e4 Nc7 21.Be3 Na6 22.Nd7 Qe8 23.Nb6 Rxd1+ 24.Rxd1
Rd8 25.Nc4 Rxd1+ 26.Qxd1 Qd8 27.Nd6 Nb8 28.e5 Ba6 { ...1/2-1/2, Biliskov
Vjekoslav 2335 - Bilobrk Franjo 2350 , Bibinje 2001 It (cat.7) } ) 9...O-O
10.Nbd2 Nbd7 11.Nb3 Rc8 12.Bxf6 Bxf6 13.O-O Qb6 14.Rac1 a5 15.e3 Rfd8 16.Nfd2
a4 17.Nc5 Nxc5 18.dxc5 Qc7 19.Ne4 Be7 20.h4 Rd7 21.Rfd1 Rxd1+ 22.Rxd1 Rd8
23.b4 axb3 24.axb3 f5 25.Ng5 Bxg5 26.hxg5 Rxd1+ 27.Qxd1 e5 28.f4 exf4 29.exf4
g6 30.Qd4 Qe7 31.b4 Kf7 { ?! } ( 31...Qe1+ { !? } 32.Kh2 Qe7 33.Kh3 Ba8 { } )
32.Bf3 Ke8 { ^00 ^00 ^00 ^01 ^00 ^05 Kg1f2 ^254 ^00 ^00 ^00 ^128 } 33.Kf2 { !
} ( 33.g4 fxg4 34.Bxg4 Kf7 35.Kg2 { } ) 33...Kf7 34.Qh8 Ke6 35.Qe5+ Kf7 { ^00
^00 ^00 ^01 ^00 ^05 Qe5e7 ^254 ^00 ^00 ^00 ^128 } 36.Qxe7+ { ! } ( 36.Qh8 )
36...Kxe7 { ^00 ^00 ^00 ^01 ^00 ^05 Kf2e3 ^254 ^00 ^00 ^00 ^128 } 37.Ke3 { ! }
( 37.g4 fxg4 38.Bxg4 Kf7 39.Ke3 { } ) 37...Kd7 38.Kd4 Ke6 39.Bd1 Bc8 40.Bb3+
Ke7 41.Ke5 Bb7 42.Be6 Ba6 43.Bg8 Bc8 44.Bxh7 Kf7 45.Kd6 Kg7 46.Kxc6 Kxh7
47.Kxb5 Kg7 48.Kc6 Kf7 49.b5 Ke6 50.b6 { } {#r} 1-0

[Event "Extra League 2003/04"]
[Site "masterchessopen.com Czech Republic"]
[Date "2004.02.08"]
[Round "7"]
[White "Jirovsky Milos (CZE)"]
[Black "Nun Jiri (CZE)"]
[Result "1-0"]
[WhiteElo "2499"]
[BlackElo "2338"]

1.Nf3 d5 2.d4 e6 3.c4 Nf6 4.g3 dxc4 5.Bg2 Be7 6.Qa4+ c6 7.Qxc4 O-O 8.O-O b5
9.Qc2 Bb7 10.Bg5 a6 11.Nbd2 Nbd7 12.Nb3 Rc8 13.Bxf6 Bxf6 14.Rac1 Qb6 15.Rfd1
Rfd8 16.Nfd2 Be7 17.Ne4 Nf6 18.e3 Nd5 19.Nbc5 Rc7 20.a3 Bc8 21.Qe2 a5 22.Rc2
a4 23.Rdc1 Bd7 24.Nd3 Be8 25.Nec5 Qa7 26.Nf4 Nxf4 27.gxf4 Qb6 28.Qe1 Bd6
29.Be4 g6 30.Kh1 Bf8 31.Qb4 Qa7 32.Rg1 Rcc8 33.Qe1 Qe7 34.Qf1 Rd6 35.Qg2 Bg7
36.Rgc1 Rcd8 37.Nd3 Bxd4 38.exd4 Rxd4 39.Ne1 Qf6 40.Qf3 b4 41.axb4 Rxb4 42.Nd3
Rbd4 43.Qe3 Qh4 44.Rc4 R4d6 45.R4c3 Qh5 46.Ne5 Rd1+ 47.Kg2 R1d2 48.R1c2 R2d4
49.Rc4 Rd1 50.Bf3 {#r} 1-0

[Event "It (cat.3)"]
[Site "masterchessopen.com Nancy (France)"]
[Date "2004.02.17"]
[Round "2"]
[White "Adrian Claude (FRA)"]
[Black "Chau Olivier (FRA)"]
[Result "1-0"]
[WhiteElo "2305"]
[BlackElo "2184"]

1.Nf3 d5 2.d4 e6 3.c4 Nf6 4.g3 Be7 5.Bg2 dxc4 6.O-O O-O 7.Na3 Bxa3 8.bxa3 c6
9.Qc2 b5 10.a4 Qb6 11.Ne5 Bb7 12.Rb1 Qxd4 13.Bb2 Qb6 14.Nxc4 bxc4 15.Bxf6 Qc7
16.Bxg7 Kxg7 17.Qb2+ c3 18.Qxb7 Qxb7 19.Rxb7 Na6 20.Rc1 Rab8 21.Rxb8 Rxb8
22.Rxc3 c5 23.a3 Rb1+ 24.Bf1 Ra1 25.e4 Kf6 26.Kg2 c4 27.f4 Ra2+ 28.Kh3 Nc5
29.Rxc4 Nb3 30.e5+ Kg7 31.Bg2 a5 32.g4 Nd2 33.Rc3 Nb1 34.Rd3 Nxa3 35.Rd4 Nc2
36.Rd2 Ra3+ 37.Kh4 Nb4 38.f5 exf5 39.gxf5 Nd3 40.e6 Rxa4+ 41.Kg3 fxe6 42.Rxd3
exf5 43.h4 Rb4 44.Rd7+ Kg6 45.Rd6+ Kg7 46.Bf3 a4 47.Ra6 h6 48.Bd1 Rd4 49.Bf3
Kh7 50.h5 Kg7 51.Be2 Kh7 52.Ra5 f4+ 53.Kg4 Rd2 54.Bf3 Rd4 55.Kf5 Kg7 56.Ra7+
Kf8 57.Be4 Rb4 58.Kxf4 Ke8 59.Ke5 Kd8 60.Kd6 Rb6+ 61.Bc6 Kc8 62.Ra8+ Rb8
63.Rxa4 Rb2 64.Ra8+ Rb8 65.Ra7 Rb2 66.Rh7 Rd2+ 67.Bd5 Kb8 68.Rxh6 {#r} 1-0

[Event "It (open)"]
[Site "masterchessopen.com Malaga (Spain)"]
[Date "2004.02.26"]
[Round "7"]
[White "Suba Mihai (ROM)"]
[Black "Parfjonov Pavel (RUS)"]
[Result "1-0"]
[WhiteElo "2516"]
[BlackElo "2262"]

1.c4 e6 2.Nf3 d5 3.d4 Be7 4.g3 Nf6 5.Bg2 dxc4 6.Qa4+ c6 7.Qxc4 b5 8.Qb3 Bb7
9.O-O Nbd7 10.Bg5 a6 11.Bxf6 gxf6 12.Nc3 Qb6 13.Rfd1 f5 14.e3 Bf6 15.e4 b4
16.Na4 Qa5 17.Nd2 Be7 18.Nc4 Qc7 19.exf5 O-O 20.Qe3 Bf6 21.fxe6 Rae8 22.exf7+
Kxf7 23.Qh6 Kg8 24.Rac1 Rf7 25.Qh5 Bg7 26.Qa5 {#r} 1-0

[Event "Ch Baden (open)"]
[Site "masterchessopen.com Eppingen (Germany)"]
[Date "2004.04.14"]
[Round "8"]
[White "Medvegy Zoltan (HUN)"]
[Black "Boguslavsky Oleg (GER)"]
[Result "1-0"]
[WhiteElo "2467"]
[BlackElo "2374"]

1.c4 Nf6 2.d4 e6 3.g3 d5 4.Nf3 dxc4 5.Bg2 Be7 6.O-O O-O 7.Qc2 Bd7 8.Qxc4 Bc6
9.Bg5 Nbd7 10.Nbd2 h6 11.Bxf6 Nxf6 12.Rfe1 Ne4 13.Nxe4 Bxe4 14.Rac1 c6 15.Ne5
Bxg2 16.Kxg2 Qa5 17.Qb3 Qb6 18.Qxb6 axb6 19.a3 b5 20.Nd3 Ra4 21.e3 Rfa8 22.h4
b4 23.axb4 Bxb4 24.b3 Bxe1 25.bxa4 Ba5 26.Rb1 Ra7 27.Nc5 b6 28.Nd3 f6 29.Kf3
Kf7 30.g4 Ke7 31.g5 hxg5 32.hxg5 Kd6 33.g6 e5 34.dxe5+ fxe5 35.Ke4 Bc3 36.Rxb6
Rxa4+ 37.Kf5 e4 38.Nf4 Bf6 39.Rb7 Ra2 40.Nh3 c5 41.Rb6+ Ke7 42.Re6+ Kf8 43.Rc6
Rc2 44.Ke6 Ke8 45.Rc8+ Bd8 46.Ng5 {#r} 1-0

[Event "Ch Ukraine (1/2 final)"]
[Site "masterchessopen.com Alushta (Ukraine)"]
[Date "2004.05.04"]
[Round "1"]
[White "Seletsky Grigory (UKR)"]
[Black "Nyzhnyk Illya (UKR)"]
[Result "0-1"]
[WhiteElo "2300"]
[BlackElo "2119"]

1.d4 d5 2.Nf3 Nf6 3.c4 e6 4.g3 Be7 5.Bg2 dxc4 6.O-O O-O 7.Qa4 Bd7 8.Qxc4 Bc6
9.Nc3 Nbd7 10.Bg5 Nb6 11.Qb3 Nfd5 12.Bxe7 Qxe7 13.Rfe1 Nxc3 14.bxc3 Ba4 15.Qb2
c6 16.Ne5 f6 17.Nd3 Nc4 18.Qc1 b6 19.Nb2 Nxb2 20.Qxb2 Rab8 21.Rac1 Rfd8 22.e3
a5 23.Qe2 Qd7 24.Rb1 b5 25.Rec1 Kh8 26.Be4 f5 27.Bg2 Qd6 28.Qf3 Qd5 29.Rb2
Qxf3 30.Bxf3 Rdc8 31.Bd1 Bxd1 32.Rxd1 Rb7 33.Rdb1 Rcb8 34.c4 b4 35.Kf1 g6
36.Ke2 Kg7 37.Kd3 Kf6 38.Kc2 c5 39.a3 Rc8 40.Kd3 e5 41.axb4 e4+ 42.Kd2 cxb4
43.Ra1 Rxc4 44.Rxa5 Rc3 45.Ra1 Rd3+ 46.Ke2 b3 47.f3 Rc7 48.fxe4 fxe4 49.Rd1
Rxd1 50.Kxd1 Rc3 51.Kd2 Rd3+ 52.Ke2 Ke6 53.Rd2 Rc3 54.d5+ Kd6 55.h4 Rd3 56.g4
Kxd5 57.Rb2 Kc4 58.Rb1 Rc3 59.Rf1 b2 60.Kd2 Rc1 61.Rxc1+ bxc1=Q+ 62.Kxc1 Kd3
63.Kd1 Kxe3 64.Ke1 h6 65.h5 g5 66.Kf1 Kd2 {#R} 0-1

[Event "Memorial Ruy Lopez"]
[Site "masterchessopen.com Zafra (Spain)"]
[Date "2004.05.09"]
[Round "9"]
[White "Llanes Hurtado Miguel (ESP)"]
[Black "Khamrakulov Ibragim S (ESP)"]
[Result "0-1"]
[WhiteElo "2431"]
[BlackElo "2500"]

1.d4 Nf6 2.Nf3 e6 3.c4 d5 4.g3 dxc4 5.Bg2 Be7 6.O-O O-O 7.Ne5 Nbd7 8.Nxc4 Rb8
9.Nc3 Nb6 10.Ne5 Nfd7 11.Bf4 Nxe5 12.dxe5 Qxd1 13.Rfxd1 Bd7 14.Rd3 Rfc8
15.Rad1 Be8 16.b3 c5 17.Ne4 c4 18.bxc4 Nxc4 19.Nd6 Bxd6 20.exd6 Bd7 21.Rc3 b5
22.e4 e5 23.Be3 b4 24.Rcc1 Nxe3 25.fxe3 Rc3 26.Rxc3 bxc3 27.Rc1 Rc8 28.Bf1 f6
29.Ba6 Rc5 30.Kf2 Be6 31.Ke2 Kf7 32.Kd3 Bxa2 {#R} 0-1

[Event "It \"]
[Site "masterchessopen.com Copenhagen (Denmark)"]
[Date "2004.07.27"]
[Round "5"]
[White "Hansen Lars Bo (DEN)"]
[Black "Lahlum Hans Olav (NOR)"]
[Result "1-0"]
[WhiteElo "2567"]
[BlackElo "2251"]

1.c4 e6 2.Nf3 d5 3.g3 Nf6 4.d4 dxc4 5.Bg2 Be7 6.O-O O-O 7.Qc2 a6 8.a4 Bd7
9.Qxc4 Bc6 10.Bg5 Bd5 11.Qd3 Be4 12.Qd1 Nbd7 13.Nc3 Bc6 14.Qc2 h6 15.Bxf6 Nxf6
16.e4 b6 17.Rad1 Bb7 18.Ne5 c6 19.Nc4 Qc7 20.Ne3 Rac8 21.f4 Rfd8 22.Qe2 c5
23.d5 exd5 24.e5 Ne8 25.Ncxd5 Bxd5 26.Nxd5 Qa7 27.Nxe7+ Qxe7 28.Qxa6 Rxd1
29.Rxd1 Rd8 30.Rxd8 Qxd8 31.h4 g6 32.Qb7 Qd4+ 33.Kh2 Ng7 34.Qxb6 Nf5 35.e6 Qe3
36.exf7+ Kxf7 37.Qb7+ Ne7 38.a5 g5 39.fxg5 hxg5 40.Qf3+ Qxf3 41.Bxf3 gxh4
42.gxh4 {#r} 1-0

[Event "Ch World ICSC (for the Deaf)"]
[Site "masterchessopen.com Malente (Germany)"]
[Date "2004.07.27"]
[Round "4"]
[White "Gruender Michael (GER)"]
[Black "Anarkulov A (UZB)"]
[Result "0-1"]
[WhiteElo "1999"]
[BlackElo "2186"]

1.c4 e6 2.Nf3 Nf6 3.g3 d5 4.d4 dxc4 5.Bg2 Be7 6.O-O O-O 7.Qc2 b5 8.a4 c6 9.Ne5
Nd5 10.axb5 cxb5 11.Nc3 f6 12.Qe4 Nb6 13.Nc6 Nxc6 14.Qxc6 Bd7 15.Qf3 a5 16.d5
b4 17.dxe6 Bxe6 18.Rd1 Qc8 19.Na4 Nxa4 20.Rxa4 Ra6 21.Ra1 a4 {#R} 0-1

[Event "Ch World ICSC (for the Deaf)"]
[Site "masterchessopen.com Malente (Germany)"]
[Round "8"]
[White "Gruender Michael (GER)"]
[Black "Simoes John (VEN)"]
[Result "1-0"]
[WhiteElo "1999"]
[BlackElo "2001"]

1.c4 e6 2.Nf3 Nf6 3.g3 d5 4.d4 Be7 5.Bg2 dxc4 6.O-O O-O 7.Qc2 b5 8.a4 c6
9.axb5 cxb5 10.Ng5 h6 11.Bxa8 hxg5 12.Rxa7 Na6 13.Bg2 Bd6 14.Nc3 Qb6 15.Ra8 g4
16.Ne4 Nxe4 17.Qxe4 f5 18.Qc6 Bc7 19.Bf4 Qxc6 20.Bxc6 Bxf4 21.gxf4 b4 22.Rc1
c3 23.bxc3 bxc3 24.Rxc3 Nb4 25.Rc4 Nxc6 26.Rxc6 Bd7 27.Rxf8+ Kxf8 28.Rb6 Ke7
29.Kf1 Ba4 30.Ke1 Bc2 31.Kd2 Be4 32.Kc3 Bg2 33.Kb4 Bf1 34.e3 Bg2 35.Kc5 Bf3
36.Ra6 Bd5 37.Ra7+ Kf6 38.Kd6 Bb3 39.Ra8 Kf7 40.Ke5 Bd5 41.Ra7+ Kf8 42.Kd6 Bb3
43.Re7 Ba2 44.Rxe6 Kf7 45.Re7+ Kf6 46.Re8 g5 47.Rf8+ Kg6 48.fxg5 Kxg5 49.Ke5
Bb1 50.d5 Be4 51.d6 Bc6 52.Ke6 Ba4 53.d7 Bxd7+ 54.Kxd7 {#r} 1-0